00373nam a2200133Ia 450000500170000000800410001702000150005808200130007310000250008624500320011126000440014330000130018750000390020020250430034115.0240331s9999 xx 000 0 und d a9559078038 bWOMa891 aMedia collective. ed 0aYuththa kalaththil pennkal  aColombobWomen & Media Collectivec2002 a117 p ., aA book of Sri Lankan Women's Poems